000
00274nam a2200097Ia 4500
008
160523s9999 xx 000 0 und d
245
_a
Urban Development
245
_c
Edited by Serafeim Polyzos
260
_c
2012
856
_u
http://www.intechopen.com/books/urban-development
999
_c
294893
_d
294893